|
|
|
|
| LEADER |
00000nam0a2200000 4500 |
| 001 |
71601 |
| 005 |
20231031082752.0 |
| 010 |
|
|
|a 5934830198
|
| 035 |
|
|
|a (RuTPU)RU\TPU\book\76308
|
| 090 |
|
|
|a 71601
|
| 100 |
|
|
|a 20041221d2004 km y0rusy50 ca
|
| 101 |
0 |
|
|a rus
|
| 102 |
|
|
|a RU
|
| 105 |
|
|
|a a z 001zy
|
| 200 |
1 |
|
|a Автоматизация дуговых печей
|f И. В. Лапшин
|
| 210 |
|
|
|a Москва
|c МИСиС
|d 2004
|
| 215 |
|
|
|a 166 с.
|c ил.
|
| 320 |
|
|
|a Библиогр.: с. 149-156
|
| 330 |
|
|
|a Книга рассчитана на инженерно-технических и научных работников, специализирующихся в области автоматизации металлургических процессов, и студентов металлургических ВУЗов специальности 21.02 - Автоматизация технологических процессов и производств и 11.01 - Металлургия черных металлов.
|
| 610 |
1 |
|
|a металлургия
|
| 610 |
1 |
|
|a вакуумные дуговые печи
|
| 610 |
1 |
|
|a дуговые печи
|
| 610 |
1 |
|
|a дуговые сталеплавильные печи
|
| 610 |
1 |
|
|a автоматизация
|
| 610 |
1 |
|
|a технологические процессы
|
| 610 |
1 |
|
|a математические модели
|
| 675 |
|
|
|a 669.187.2
|v 3
|
| 700 |
|
1 |
|a Лапшин
|b И. В.
|g Игорь Васильевич
|
| 801 |
|
1 |
|a RU
|b 63413507
|c 20041221
|g PSBO
|
| 801 |
|
2 |
|a RU
|b 63413507
|c 20050503
|g PSBO
|
| 942 |
|
|
|c BK
|
| 959 |
|
|
|a 176/20041221
|d 1
|e 0
|f НФ:1
|